Florica P. Kyriacopoulos : time to go home.

Αποθηκεύτηκε σε:
Λεπτομέρειες βιβλιογραφικής εγγραφής
Κύριος συγγραφέας: Κυριακοπούλου, Φλωρίκα
Μορφή: Βιβλίο
Γλώσσα:English
Δημοσίευση: [S. l. : x. n.], 2002.
Θέματα:
Ετικέτες: Προσθήκη ετικέτας
Δεν υπάρχουν, Καταχωρήστε ετικέτα πρώτοι!

MARC

LEADER 00000cam a2200000 a 4500
001 1/111446
008 160729s2002####gr | ||| |||| ||eng||
040 |a GR-MyUa  |b gre  |c GR-MyUa  |e AACR2 
041 0 |a eng 
082 7 |a 700.92   |2 (23)  
100 1 |a Κυριακοπούλου, Φλωρίκα. 
245 1 0 |a Florica P. Kyriacopoulos :   |b time to go home.  
260 |a [S. l. :   |b x. n.],   |c 2002.  
300 |a 35 σ. :   |b εικ. ;   |c 19 εκ.  
500 |a Κατάλογος έκθεσης: Lola Nikolaou Art Gallery, Θεσσαλονίκη, Απρ - Μάι 2002.  
600 1 7 |2 nlgaf  |a Κυριακοπούλου, Φλωρίκα  |v Exhibitions. 
852 |a INST  |b SYROS  |e 20160729  |h 700.92 ΚΥΡ  |p 005500012697  |q 005500012697  |t BK  |y 0 
970 |a Κοντού  |b Παρασκευή  |z 29/07/2016